| Tag |
First Indicator |
Second Indicator |
Subfields |
| LEADER |
00000cam a2200000 4500 |
| 001 |
in00000074438 |
| 005 |
20151008052610.0 |
| 008 |
720313s1962 nyu b 00000 eng u |
| 010 |
|
|
|a 62020569
|
| 035 |
|
|
|a (OCoLC)00262031
|
| 035 |
|
|
|9 AAH4058AM
|
| 040 |
|
|
|c WSU
|d TXA
|d UtOrBLW
|
| 049 |
|
|
|a TXAM
|c [357219]
|
| 050 |
|
0 |
|a HV25
|b .C7 1961
|
| 092 |
|
|
|a 361.7308
|b C748p
|
| 111 |
2 |
|
|a Conference on Philanthropy
|d (1961 :
|c Merrill Center for Economics)
|
| 245 |
1 |
0 |
|a Philanthropy and public policy /
|c Sponsored by National Bureau of Economic Research and Merrill Center for Economics. Frank G. Dickinson, editor.
|
| 264 |
|
1 |
|a [New York] :
|b National Bureau of Economic Research,
|c 1962.
|
| 300 |
|
|
|a 145 pages
|
| 336 |
|
|
|a text
|b txt
|2 rdacontent
|
| 337 |
|
|
|a unmediated
|b n
|2 rdamedia
|
| 338 |
|
|
|a volume
|b nc
|2 rdacarrier
|
| 504 |
|
|
|a Bibliographical footnotes.
|
| 650 |
|
0 |
|a Endowments.
|
| 700 |
1 |
|
|a Dickinson, Frank Greene,
|d 1899-1967.
|
| 710 |
2 |
|
|a National Bureau of Economic Research.
|
| 710 |
2 |
|
|a Amherst College.
|b Merrill Center for Economics, Southampton, N.Y.
|
| 999 |
|
|
|a MARS
|
| 999 |
f |
f |
|s 048ad47b-085f-3e9e-9750-a1d7c102d72c
|i caa04b33-3aaf-3fbc-822b-89946b2e60e0
|t 0
|
| 952 |
f |
f |
|p ric
|a Texas A&M University
|b Rellis Campus
|c Joint Library Facility
|d Remote Storage
|t 0
|e HV25 .C7 1961
|h Library of Congress classification
|i unmediated -- volume
|m A14800809223
|
| 998 |
f |
f |
|a HV25 .C7 1961
|t 0
|l Remote Storage
|